| 000 | 00804cam a22002655a 4500 | ||
|---|---|---|---|
| 001 | 015572539 | ||
| 003 | OSt | ||
| 005 | 20160322144302.0 | ||
| 008 | 100602t2011 caua fr 001 0 eng d | ||
| 020 | _a9781439082812 (pbk.) | ||
| 020 | _a1439082812 (pbk.) | ||
| 040 |
_aStDuBDS _beng _cStDuBDS _dUk |
||
| 042 | _aukblcatcopy | ||
| 082 | 0 | 4 |
_222 _a343.73099 _bBEL |
| 100 | 1 |
_aBelmas, Genelle Irene _939637 |
|
| 245 | 1 | 0 |
_aMajor principles of media law / _cGenelle Belmas, Wayne Overbeck. |
| 250 | _a2011 ed. | ||
| 260 |
_aBoston : _bWadsworth Cengage Learning, _cc.2011. |
||
| 300 |
_axix, 636 p. : _bill. ; _c25 cm. |
||
| 500 | _aIndex : p. 630-636. | ||
| 650 | 0 |
_aMass media _xLaw and legislation _zUnited States _2BUEsh |
|
| 653 |
_bCOMAME _cMarch2016 |
||
| 700 | 1 | _aOverbeck, Wayne. | |
| 942 | _2ddc | ||
| 999 |
_c21480 _d21452 |
||